Estadísticas para Personajes de Ficción por Imagen - B

Haz click aquí para intentar la prueba.

Estadísticas generales

  • Esta prueba ha sido intentada 90 veces
  • La puntuación promedio es 13 de 20

Estadísticas de respuestas

Respuesta% Correcto
Bart Simpson
100%
Batman
100%
Bob Esponja
100%
Bambi
99%
Bugs Bunny
99%
Barbie
95%
Buzz Lightyear
95%
Bowser
81%
Bella Swan
73%
Baloo
66%
Betty Boop
63%
Bender Rodríguez
56%
Bulma
53%
Bumblebee
52%
Bilbo Baggins
47%
Boba Fett
42%
Brian Griffin
41%
Bridget Jones
25%
Biff Tannen
12%
Big Bird
10%

Distribución de puntuación

Porcentaje por número respondido

Porcentaje de gente con cada puntuación

Historial de tus puntuaciones

No has intentado esta prueba.